00700nam a2200229 a 4500001001300000003000900013005001700022008004100039020001000080082001900090100001800109245008000127260003700207300000900244500003500253650001500288700001800303902000800321942000700329952011900336999001500455nice12345678IN_TiNIC20260116011919.0070605s1971 oxfa grp 000 0 eng  ac10000a349.09624bMUS aMustafa, Zaki aCommon Law in Sudanb An Account of the Justice, Equity and Good Conscience aOxford bClarendon Pressa c1971 a272p aincludes index and biblioraphy aLand-Sudan1 aMustafa, Zaki bSRS cBK 001040708StackRoom-aHMIbHMId2009-11-17g100.00l0o349.09624 MUSp09058r2009-11-17v100.00w2007-06-05yBK c4895d4895